000
00365nam a2200121Ia 4500
008
151001s9999||||xx |||||||||||||| ||und||
100
_a
हरी नारायण आपटे
245
_a
स्फुट गोष्टी भाग-३ रा
250
_a
1
260
_b
-
300
_a
156
365
_b
7.5
999
_c
948390
_d
948387